Metrology and Machine Tools/ (Record no. 198390)

MARC details
000 -LEADER
fixed length control field 00696nam a22002057a 4500
005 - DATE AND TIME OF LATEST TRANSACTION
control field 20230919160300.0
010 ## - LCCN (DPL NO)
LC control number ENG-138155
020 ## - INTERNATIONAL STANDARD BOOK NUMBER
International Standard Book Number 9789383640478
Terms of availability 730.00
035 ## - SYSTEM CONTROL NUMBER
System control number EN-121687
037 ## - SOURCE OF ACQUISITION
Source of stock number/acquisition DBAD/PUB
082 ## - DEWEY DECIMAL CLASSIFICATION NUMBER
Classification number 389
Edition number First 2022
100 ## - MAIN ENTRY--PERSONAL NAME
Personal name Chaitanya, K
245 ## - TITLE STATEMENT
Title Metrology and Machine Tools/
Statement of responsibility, etc By K Chaitanya and K Sravanthi
250 ## - EDITION STATEMENT
Edition statement First 2022
260 ## - PUBLICATION, DISTRIBUTION, ETC. (IMPRINT)
Place of publication, distribution, etc Hyderabad
Name of publisher, distributor, etc Spectrum Publications
Date of publication, distribution, etc 2022
270 ## - ADDRESS
City Hyderabad
Address 326/C, Level -1 Near B K Guda Park, S R Nagar
Postal code 500038
Telephone number +914023710657
-- +91238000657
Fax number +914023810657
300 ## - PHYSICAL DESCRIPTION
Extent xvi,p.
Dimensions 24cm(hbk)
Other physical details Index
700 ## - ADDED ENTRY--PERSONAL NAME
Personal name Sravanthi, K
Relator term Author
9 (RLIN) 56915
942 ## - ADDED ENTRY ELEMENTS (KOHA)
Source of classification or shelving scheme Dewey Decimal Classification
Item type English Books
Classification part 389
Call number suffix CHA
Holdings
Withdrawn status Lost status Not for loan Collection code Home library Current library Date acquired Source of acquisition Cost, normal purchase price Full call number Barcode Copy number Cost, replacement price Koha item type
      Non-fiction D.B.Act.Division Mobile Library 19/09/2023 DBAD/PUB 730.00 389 CHA EN-121687 1 730.00 English Books

© Delhi Public Library
Hit Counter
free hit counter